000 01260cam a2200349 i 4500
999 _c65687
_d65687
001 768714001
003 CO-MdFUSB
005 20220622062537.0
007 ta
008 900410t19921987nyuab b 001 0 eng d
020 _a0500275602
040 _aOCP
_cCO-MdFUSB
_dOCP
_dCO-MdFUSB
_dFPJ
_dJRZ
_dUtOrBLW
_bspa.
_erda
041 _aeng
082 _223
_a932
_bH684
100 1 _aEl Mahdy Christine.
_eautor
242 _aEl mundo de los faraones.
_linglés.
245 1 4 _aExploring the world of the pharaohs :
_ba complete guide to ancient Egypt
_c/ Christine Hobson ; prólogo por Thomas J. Logan.
250 _aprimera edición
264 1 _aNew York :
_bThames and Hudson,
_c[1992]
264 4 _c© 1992
300 _a192 páginas :
_bilustraciones, mapas ;
_c25 cm.
336 _atexto
_btxt
_2rdacontent.
337 _asin mediación
_bn
_2rdamedia.
338 _avolumen
_bnc
_2rdacarrier.
505 _aDescubriendo el pasado. -- Orígenes egipcios. -- Pirámides: casas para la eternidad. -- Las arenas movedizas. -- Templos: mansiones de los dioses. -- Egipto legado.
563 _aTapa dura
651 0 _aEgipto.
_xHistoria.
700 _a Logan, Thomas J.
_eprologuista
_93416
942 _cBK
945 _aJTF-925